Nuevos horizontes en la investigacin̤ criminolg̤ica ultra-realismo

Detalles Bibliográficos
Autor principal: Ro̕s Patio, Gino
Otros Autores: Silva, Antonio
Formato: eBook
Lenguaje:español
Publicado: Lima: Universidad de San Martin de Porres, 2020
Materias:
Acceso en línea:Acceso restringido

MARC

LEADER 00000nam a22000007a 4500
005 20210204225612.0
007 cr|||| ||||
008 210204s2020 pe |||||s|||| 00||0 spa d
020 |a 978-612-4460-23-4 
035 |a 32317 
040 |a vLex 
090 |c 11091  |d 11091 
100 1 |a Ro̕s Patio, Gino 
245 1 0 |a Nuevos horizontes en la investigacin̤ criminolg̤ica ultra-realismo  |h [Recurso electrn̤ico] /  |c Gino Ro̕s Patio, Antonio Silva 
256 |a Servicio en ln̕ea 
260 |a Lima:  |b Universidad de San Martin de Porres,  |c 2020 
300 |a 1 recurso electrn̤ico 
506 1 |a Disponible solo en los productos indicados  |d vLex Global  |d vLex Global (Academic Edition, excluding Law Schools)  |d vLex Global (U.S. Academic Edition, Law Schools)  |d vLex Global (U.S. Academic Edition, excluding Law Schools)  |d vLex Global (Academic Edition, Law Schools) 
650 0 4 |a Derecho Penal  |z Per︢ 
700 1 |a Silva, Antonio 
740 0 |a vLex Libros (Servicio en ln̕ea) 
856 4 0 |u http://vlex.com/source/nuevos-horizontes-investigacion-criminologica-ultra-realismo-32317  |z Acceso restringido 
942 |c BOOK 
999 0 |a Criminal law